000 00619nam a2200193 a 4500
001 1432
003 BR-CuiBMT
005 20231209124448.0
008 231209s2019 ceb 00| 0 por d
040 _aBR-CuiBMT
_cBR-CuiBMT
080 _22007
_a347.991
_x(813.1)
090 _a347.991(813.1)
_bT822t
110 1 _aTribunal de Contas do Ceará
245 1 0 _aTribunal de Contas do Estado do Ceará :
_bpresidente Edilberto Carlos Pontes Lima - 2016/2019 /
_cTribunal de Contas do Ceará.
260 _aFortaleza :
_bTCE-CE,
_c2019.
300 _a127 p. ;
_c28 cm
650 _aTribunal de Contas
_zCeará
942 _2udc
_cLV
999 _c1432
_d1432